Algo más todavía acerca del 'plictho de larte de tentori' [de Gianventura Rosetti] / conferencia de C. Rodón y Font
Descripción Física:
22 p. ; 17 cm
MARC
| LEADER | 00000nam a2200000Ia 4500 | ||
|---|---|---|---|
| 001 | 22558 | ||
| 008 | 160829s9999 xx 000 0 cat d | ||
| 080 | |a RF-15-98 | ||
| 245 | |a Algo más todavía acerca del 'plictho de larte de tentori' [de Gianventura Rosetti] / conferencia de C. Rodón y Font | ||
| 260 | |a Badalona : |b Gràfiques Harlem, [1934?] | ||
| 300 | |a 22 p. ; |c 17 cm | ||
| 590 | |a Inclou signatura manuscrita de C. Rodón y Font | ||
| 650 | |a Rosetti, Gioanventura. Plictho de larte de tentori |9 43916 | ||
| 650 | |a Colorants |x Indústria i comerç |9 43917 | ||
| 700 | |a Rodón y Font, Camilo |9 43918 | ||
| 700 | |a Rosetti, Gioanventura |9 43919 | ||
| 856 | 4 | |u https://media.diba.cat/diba/fitxers/arxiu/fulletons/bib_22558_1934_baixa.pdf |y Accés lliure | |
| 856 | 4 | |u https://media.diba.cat/diba/fitxers/arxiu/fulletons/bib_22558_1934_baixa.pdf |y Accés lliure | |
| 901 | |a Arxiu | ||
| 942 | |n 1 |2 udc | ||
| 952 | |0 0 |1 0 |4 0 |6 RF1598 |7 1 |9 51676 |a Arxiu |b Arxiu |d 2016-12-01 |l 0 |o RF-15-98 |p 22558 |r 2016-12-01 00:00:00 |w 2016-12-01 |y ARXIU | ||
| 999 | |c 55521 |d 55521 | ||
| 900 | |a bib_22558_1934_baixa.pdf | ||